La Piyama Mágica/ (Registro nro. 38176)
[ vista simple ]
| 000 -CABECERA | |
|---|---|
| Longitud fija campo de control | 00926nam a2200289 i 4500 |
| 003 - IDENTIFICADOR DEL NUMERO DE CONTROL | |
| Identificador del número de control | CO-BoRNBP |
| 005 - FECHA Y HORA DE LA ULTIMA TRANSACCION | |
| Fecha y hora de la última transacción | 20250813162816.0 |
| 007 - CAMPO FIJO DE DESCRIPCION FISICA | |
| Campo fijo de descripción física | ta |
| 008 - CODIGOS DE INFORMACION DE LONGITUD FIJA | |
| Códigos de información de longitud fija | 240526s2020 ck a|||| |||| 00| 0 spa d |
| 020 ## - NUMERO INTERNACIONAL NORMALIZADO PARA LIBROS | |
| Número Internacional Normalizado para Libros (ISBN) | 9789585974517 |
| 040 ## - FUENTE DE LA CATALOGACION | |
| Centro catalogador de origen | CO-BoRNBP |
| Lengua de catalogación | spa |
| Centro transcriptor | CO-BoRNBP |
| Normas de descripción | rda |
| 041 ## - CODIGO DE LENGUA | |
| Código de lengua del texto/banda sonora o título independiente | spa |
| 043 ## - CODIGO DE AREA GEOGRAFICA | |
| Código de área geográfica | Mexico |
| Código local GAC | S-Mexico--- |
| 082 ## - NUMERO DE LA CLASIFICACION DECIMAL DEWEY | |
| Número de clasificación (R) | 863.5 G17p |
| 100 ## - PUNTO DE ACCESO PRINCIPAL-NOMBRE DE PERSONA | |
| Nombre de persona | Gacía Esperón, María |
| Fechas asociadas al nombre | 1964 - |
| 245 1# - TITULO PROPIAMENTE DICHO | |
| Título | La Piyama Mágica/ |
| Mención de responsabilidad, etc. | María García Esperón; Ilustraciones, María Fernanda Mantilla; Diagramación, Julio Higuera |
| 250 ## - MENCION DE EDICION | |
| Mención de edición | primera edición |
| 264 #4 - PRODUCCION, PUBLICACION , DISTRIBUCION, FABRICACION Y COPYRIGHT | |
| Lugar de producción, publicación, distribución, fabricación | Bogotá |
| Fecha de de producción, publicación, distribución, fabricación o copyright | ©2020 |
| Nombre del productor, editor, distribuidor, fabricante | Avión de papel S.A.S. |
| 300 ## - DESCRIPCION FISICA | |
| Extensión | 71 páginas |
| Otras características físicas | ilustraciones a color |
| Dimensiones | 21 cm. |
| 336 ## - TIPO DE CONTENIDO | |
| Fuente | rdacontent |
| Término de tipo de contenido | texto |
| Código de tipo de contenido | txt |
| 337 ## - TIPO DE MEDIO | |
| Fuente | rdamedia |
| Nombre del tipo de medio | sin mediación |
| Código del tipo de medio | n |
| 338 ## - TIPO DE SOPORTE | |
| Fuente | rdacarrier |
| Nombre del tipo de soporte | volumen |
| Código del tipo de soporte | nc |
| 650 17 - PUNTO DE ACCESO ADICIONAL DE MATERIA - TERMINO DE MATERIA | |
| Fuente del encabezamiento | LEMB |
| Término de materia o nombre geográfico como elemento inicial | Literatura Infantíl |
| 650 17 - PUNTO DE ACCESO ADICIONAL DE MATERIA - TERMINO DE MATERIA | |
| Fuente del encabezamiento | LEMB |
| Término de materia o nombre geográfico como elemento inicial | Cuento infantil |
| 942 ## - ENTRADA DE ELEMENTOS AGREGADOS (KOHA) | |
| Fuente de clasificaión o esquema | Dewey Decimal Classification |
| Koha [por defecto] tipo de item | Libro Infantil |
| Perdido | Fuente de clasificación o esquema | Estado Físico | No para préstamo | Forma de adquisición | Localización permanente | Localización actual | Localización en estanterías | Fecha adquisición | Préstamos totales | Signatura completa | Código de barras | Fecha última consulta | Número de copia | Fecha del precio de reemplazo | Tipo de item de Koha | Coste, precio normal de compra | Número de registro | Fuente de adquisición | Calificador de ubicación codificada |
|---|---|---|---|---|---|---|---|---|---|---|---|---|---|---|---|---|---|---|---|
| Dewey Decimal Classification | Infantil | Biblioteca Pública José Eustasio Rivera - San Martin | Biblioteca Pública José Eustasio Rivera - San Martin | Sala Infantil | 05/22/2025 | 863.5 G17p | SM03909 | 05/22/2025 | Ej.1 | 05/22/2025 | Libro Infantil | ||||||||
| Dewey Decimal Classification | Infantil | Biblioteca Pública San Carlos de Guaroa - Eduardo Carranza | Biblioteca Pública San Carlos de Guaroa - Eduardo Carranza | Literatura | 02/11/2025 | 863.5 G17p | SG02257 | 02/11/2025 | Ej.1 | 02/11/2025 | Libro Infantil | ||||||||
| Dewey Decimal Classification | Infantil | Biblioteca Pública Acacias - Carlos María Hernández Rojas | Biblioteca Pública Acacias - Carlos María Hernández Rojas | Sala Infantil | 06/24/2025 | C GAR1 | ACA13918 | 06/24/2025 | Ej.1 | 06/24/2025 | Libro Infantil | ||||||||
| Dewey Decimal Classification | Infantil | Biblioteca Pública Guamal | Biblioteca Pública Guamal | Sala Infantil | 11/19/2024 | 863.5 G17p | GUA004517 | 11/19/2024 | Ej.1 | 11/19/2024 | Libro Infantil | ||||||||
| Dewey Decimal Classification | Infantil | Biblioteca Pública La Macarena | Biblioteca Pública La Macarena | Sala Infantil | 02/17/2025 | 863.5 G17p | LM02035 | 02/17/2025 | Ej.1 | 02/17/2025 | Libro Infantil | ||||||||
| Dewey Decimal Classification | Infantil | Biblioteca Pública Mesetas - Franco lodo Poloxi | Biblioteca Pública Mesetas - Franco lodo Poloxi | Sala Infantil | 08/20/2025 | C GAR | MEO676 | 12/06/2024 | Ej.1 | 12/06/2024 | Libro Infantil | ||||||||
| Dewey Decimal Classification | Infantil | Biblioteca Pública Rural El Yarí- vereda Playa Rica La Macarena | Biblioteca Pública Rural El Yarí- vereda Playa Rica La Macarena | General | 06/12/2025 | 863.5 G17p | 9789585974517 | 07/03/2025 | Ej.1 | 07/03/2025 | Libro Infantil | ministerio de cultura | 9789585974517 | ||||||
| Clasificación Local Facetada | Infantil | Biblioteca Pública San Juanito - Ernesto Maria Peña Romero | Biblioteca Pública San Juanito - Ernesto Maria Peña Romero | Sala Infantil | C GARP | SJU02641 | 02/18/2026 | Ej.1 | Libro Infantil | ||||||||||
| Dewey Decimal Classification | Biblioteca Pública Vistahermosa | Biblioteca Pública Vistahermosa | Literatura | 12/17/2024 | C 862.5M17 TR | VIST 0001489 | 12/17/2024 | Ej.1 | 12/17/2024 | Libro Infantil | 32900.00 | C 862.5M17 TR |